| 000 | 00759nam a2200229 i 4500 | ||
|---|---|---|---|
| 001 | bg | ||
| 100 | 1 | _aKOZIEŃ, Marek S. | |
| 245 | 1 | 0 |
_aĆwiczenia laboratoryjne z miernictwa dynamicznego : _bpodręcznik dla studentów wyższych szkół technicznych / _cMarek S. Kozień ; Politechnika Krakowska im. Tadeusza Kościuszki. |
| 260 |
_aKraków : _bPK, _c2000. |
||
| 300 |
_a287 s. : _bil. ; _c24 cm. |
||
| 504 | _aBibliogr przy rozdz. | ||
| 650 | 9 |
_aMechanika _xstosowanie |
|
| 655 | _aPodręczniki akademickie | ||
| 710 | 0 | _aPolitechnika Krakowska im. Tadeusza Kościuszki | |
| 020 | _a8372420939 | ||
| 040 | _cBPK | ||
| 041 | 0 | _apl | |
| 080 | _a621.01(075.8) | ||
| 920 | _a83-7242-093-9 | ||
| 942 | _cKS | ||
| 008 | s pl f |000 0 pol | ||
| 999 |
_c38866 _d38866 |
||
| 856 |
_uhttp://koha.tu.koszalin.pl/cgi-bin/koha/opac-detail.pl?biblionumber=38866 _yKatalog online BPK |
||